Animácia objektov v 3D scéne
Saved in:
| Main Author: | |
|---|---|
| Other Authors: | |
| Format: | Manuscript Book |
| Language: | Slovak |
| Published: |
2015
|
| Subjects: | |
| Online Access: | http://is.stuba.sk/zp/portal_zp.pl?podrobnosti=94566 |
| Tags: |
No Tags, Be the first to tag this record!
|
MARC
| LEADER | 00000ntm a22000003a 4500 | ||
|---|---|---|---|
| 001 | stuzp49590 | ||
| 003 | SK-STU | ||
| 005 | 20160719153327.5 | ||
| 007 | ta | ||
| 008 | 150427s2015----xo-----f-mn---000-0-slo-d | ||
| 040 | |a STU |b slo | ||
| 041 | 0 | |a slo | |
| 100 | 1 | |a Pavlovič, Peter |u 066000 |4 aut |U MTF Materiálovotechnologická fakulta |T MTF Ústav aplikovanej informatiky, automatizácie a mechatroniky |X 62350 |U M6000 |Y 86 |7 62350 | |
| 242 | 0 | 1 | |a Animation objects in 3D scene |y eng |
| 245 | 1 | 0 | |a Animácia objektov v 3D scéne |
| 260 | |c 2015 | ||
| 650 | 4 | |a modelovanie |2 slo | |
| 650 | 4 | |a 3D model |2 slo | |
| 650 | 4 | |a 3D scéna |2 slo | |
| 650 | 4 | |a interaktívne protredie |2 slo | |
| 650 | 4 | |a Blender |2 slo | |
| 650 | 4 | |a animácia |2 slo | |
| 650 | 4 | |a modeling |2 eng | |
| 650 | 4 | |a 3D model |2 eng | |
| 650 | 4 | |a 3D scene |2 eng | |
| 650 | 4 | |a animation |2 eng | |
| 650 | 4 | |a interactive surrouding |2 eng | |
| 650 | 4 | |a Blender |2 eng | |
| 700 | 1 | |a Bezák, Pavol |4 ths |X 2805 |7 A000002805 | |
| 856 | 4 | |u http://is.stuba.sk/zp/portal_zp.pl?podrobnosti=94566 | |
| 996 | |c M* BP-7112 |l MMSKP |s P |a 0 |w stuzp49590_0001 | ||
| SQL | |a stuzp49590 |b DBP |c SLO |d Animácia objektov v 3D scéne |e 62350 |f Pavlovič, Peter |g 066000 |h 2805 |i Bezák, Pavol |j 20150625 |k 168 |l 06 |m http://is.stuba.sk/zp/portal_zp.pl?podrobnosti=94566 |n B-AIA |o 5.2.14. automatizácia, 9.2.9. aplikovaná informatika | ||